00532nam a22001937a 450000500170000001000150001702000180003203500140005003500170006403700130008103700170009408200170011110000090012824500500013725000080018726000340019527000870022930000220031620240130152611.0 aENG-139092 a9789354095801 aEN-122624 aB-513991-996 bDBAD/PUB bBSB/Venadpl04a333.95421st1 d202310aThe Story Of India's CheetahscDivyabhanusinh a1st aMumbaibJyotsna Nambiarc2023 aMarg Foundation at Army & Navy Building (3rd Floor) 148, M.G. Road, Mumbai-400001 a322 p. c29cm(Hb)